000 00266nam a2200109Ia 4500
008 200302s9999 xx 000 0 und d
100 _aViv Foster(Edi)
245 _aThe Stained Glass Handbook
260 _bQuantum Publishing Ltd.,
260 _c2006
300 _a223 P
999 _c4935
_d4935